Trading Partners: Netherlands - Statistics

General Stats
  • This quiz has been taken 19 times
  • The average score is 38 of 40
Answer Stats
Surplus Answer % Correct
$74,138,078,754 Belgium
100%
-$61,614,519,484 Belgium
100%
$18,971,954,981 China
100%
-$69,708,952,690 China
100%
$9,367,212,728 Denmark
100%
-$6,366,954,663 Denmark
100%
$6,494,424,825 Finland
100%
$56,096,608,005 France
100%
-$22,031,365,317 France
100%
$160,431,582,061 Germany
100%
-$108,104,451,204 Germany
100%
$7,229,755,047 Ireland
100%
-$11,839,801,698 Ireland
100%
-$9,394,916,188 Japan
100%
$6,018,474,456 Norway
100%
-$17,862,487,155 Norway
100%
$21,760,046,155 Poland
100%
-$12,960,812,010 Poland
100%
$10,191,603,203 South Korea
100%
-$6,305,842,281 South Korea
100%
$21,805,482,547 Spain
100%
-$12,656,805,906 Spain
100%
$14,203,370,962 Sweden
100%
-$9,668,268,290 Sweden
100%
$10,255,783,921 Switzerland
100%
$48,416,051,696 United Kingdom
100%
-$33,369,730,827 United Kingdom
100%
$8,685,712,446 Austria
93%
-$6,335,808,944 Brazil
93%
$30,115,912,363 Italy
93%
-$17,271,708,778 Italy
93%
$7,826,001,099 Russia
93%
-$21,904,161,618 Russia
93%
$7,407,755,975 Turkiye
93%
$33,382,281,146 United States
93%
-$47,590,027,402 United States
93%
$10,680,649,100 Czechia
87%
-$6,755,308,072 Czechia
87%
-$7,300,802,782 Vietnam
67%
-$8,013,013,426 Malaysia
40%
No matching quizzes found
Score Distribution
Percent of People with Each Score
Percentile by Number Answered
Your Score History
You have not taken this quiz